| 000 | 01110cam a2200337Ka 4500 | ||
|---|---|---|---|
| 001 | 100689 | ||
| 005 | 20230410105445.0 | ||
| 008 | 890331s1982 mx 000 0 spa d | ||
| 035 | _a(OCoLC)ocm48293037 | ||
| 040 |
_aEL$ _beng _cEL$ _dCGP _dOCLCQ |
||
| 035 | _a(OCoLC)48293037 | ||
| 041 | _aEsp. | ||
| 043 |
_acl----- _an-us--- |
||
| 050 | 1 | 4 |
_aHC 125 _bS718i 1982 |
| 100 | 1 | _aSotomayor, Margot. | |
| 245 | 1 | 3 |
_aEl impacto de la economía de guerra estadounidense en la crisis de América Latina, 1950-1980 / _cMargot Sotomayor. |
| 260 |
_aMéxico : _bInstituto de Investigaciones Económicas, UNAM, _c1982. |
||
| 300 |
_a278 p. ; _c20 cm. |
||
| 650 | 0 |
_aCapitalism _zLatin America. |
|
| 650 | 0 | _aImperialism. | |
| 650 | 0 |
_aMilitary assistance, American _zLatin America. |
|
| 651 | 0 |
_aUnited States _xEconomic policy. |
|
| 650 | 4 |
_aCapitalismo _zAmérica Latina. |
|
| 650 | 4 | _aImperialismo. | |
| 650 | 4 |
_aAsistencia militar estadounidense _zAmérica Latina. |
|
| 651 | 4 |
_aEstados Unidos _xPolítica económica. |
|
| 650 | 4 | _a20150600 | |
| 942 |
_2lcc _cbk |
||
| 946 | _aCV | ||
| 994 |
_aC0 _bDRFGD |
||
| 999 |
_c37089 _d37089 |
||